| 000 | 01093nam a2200265 i 4500 | ||
|---|---|---|---|
| 001 | 164343 | ||
| 003 | ES-MaACL | ||
| 005 | 20250827035819.0 | ||
| 008 | 050802s1895 fr af |||| | spa d | ||
| 040 |
_aCAM _bspa _cCAM |
||
| 100 | 1 |
_aSaint-Saud, Aymard de ( _d1853-1932) _9149331 |
|
| 245 | 1 | 0 |
_aD'Oviédo á Santander / _cpar le Comte de Saint-Saud. |
| 260 |
_aParis : _b[s.n.], _c1895 ( _fTyp. Chamerot et Renouard) |
||
| 300 |
_a23 p., [2] h. de lám. ; _c23 cm. |
||
| 490 | 1 |
_aNotes sur l'Espagne ; _v3 |
|
| 490 | 1 | _aExcursions dans les Sierras d'Espagne | |
| 595 | _aExtrait de: l'Annuaire du Club Alppin Français, 21e volume, 1894. | ||
| 650 | 4 |
_aMontañas- _zEspaña. _9136531 |
|
| 651 | 4 |
_aAsturias (Comunidad Autónoma)- _xDescripción. _97830 |
|
| 651 | 4 |
_aCantabria (Comunidad Autónoma)- _xDescripción. _9153444 |
|
| 830 | 0 |
_aNotes sur l'Espagne ; _v3 _9222345 |
|
| 830 | 0 | 0 |
_aExcursions dans les sierras d'Espagne _9233440 |
| 852 |
_aES-MaACL _jT-846-F-5 _z- Enc. hol., conservando la cub. original _z- Enc. en un vol. facticio |
||
| 999 |
_c164343 _d164343 |
||